| 000 | 00661 a2200217 4500 | ||
|---|---|---|---|
| 999 |
_c24038 _d28997 |
||
| 001 | 24038 | ||
| 003 | TR-AnTOB | ||
| 005 | 20240711074010.0 | ||
| 008 | 100903s2003 tu -- aa | ||
| 035 | _a24038 | ||
| 040 |
_aTR-AnTOB _cTR-AnTOB |
||
| 041 | _atur | ||
| 050 |
_aDR576 _b.Ü2 1998 |
||
| 090 | _aDR576 .Ü2 1998 | ||
| 110 | 2 |
_aTürkiye Ekonomik ve Toplumsal Tarih Vakfı _917274 |
|
| 245 | 0 |
_aÜç kuşak Cumhuriyet : _bBelgesel film _cHazırlayan:Türkiye ekonomik ve toplumsal tarih vakfı. _h[VCD Videorecording] / |
|
| 300 | _a1 videocompactdisk (Vcd) (66 min.) | ||
| 651 | 7 |
_aTürkiye _xTarih _y20. yüzyıl _2etuturkob _918908 |
|
| 942 |
_cVCD _2lcc |
||